<?xml version="1.0" encoding="UTF-8"?><?xml-stylesheet type="text/xsl" href="static/style.xsl"?><OAI-PMH xmlns="http://www.openarchives.org/OAI/2.0/" xmlns:xsi="http://www.w3.org/2001/XMLSchema-instance" xsi:schemaLocation="http://www.openarchives.org/OAI/2.0/ http://www.openarchives.org/OAI/2.0/OAI-PMH.xsd"><responseDate>2026-06-05T14:22:58Z</responseDate><request verb="GetRecord" identifier="oai:riuma.uma.es:10630/35285" metadataPrefix="marc">https://riuma.uma.es/rest/oai/request</request><GetRecord><record><header><identifier>oai:riuma.uma.es:10630/35285</identifier><datestamp>2026-02-03T10:24:24Z</datestamp><setSpec>com_10630_1685</setSpec><setSpec>col_10630_38055</setSpec></header><metadata><record xmlns="http://www.loc.gov/MARC21/slim" xmlns:dcterms="http://purl.org/dc/terms/" xmlns:doc="http://www.lyncode.com/xoai" xmlns:xsi="http://www.w3.org/2001/XMLSchema-instance" xsi:schemaLocation="http://www.loc.gov/MARC21/slim http://www.loc.gov/standards/marcxml/schema/MARC21slim.xsd">
   <leader>00925njm 22002777a 4500</leader>
   <datafield ind2=" " ind1=" " tag="042">
      <subfield code="a">dc</subfield>
   </datafield>
   <datafield ind2=" " ind1=" " tag="720">
      <subfield code="a">Roldán-Gómez, Antonio</subfield>
      <subfield code="e">author</subfield>
   </datafield>
   <datafield ind2=" " ind1=" " tag="260">
      <subfield code="c">2024</subfield>
   </datafield>
   <datafield ind2=" " ind1=" " tag="520">
      <subfield code="a">En este documento se presenta el desarrollo de un robot móvil semiautónomo, capaz de explorar entornos y generar mapas representativos. El proyecto abarca las fases necesarias de análisis, diseño y construcción del sistema.&#xd;
Inicialmente se realizará un análisis de los requisitos necesarios para lograr el objetivo, tanto a nivel de comportamiento como a nivel de construcción del robot. Este análisis dará paso al diseño de hardware, donde se seleccionan los componentes del robot, entre los que se encontrará un sensor LIDAR y se realiza el montaje del mismo. Además, se llevara´ a cabo una calibración de los sensores y actuadores que forman el robot, con el objetivo de conseguir un sistema controlable.&#xd;
Posteriormente, se desarrolla la programación del sistema, donde se distinguen tres procesos principales: la exploración del robot, que se realizara´ en tiempo real usando FreeRTOS en C++; la construcción y generación del mapa, programada en Python en una Raspberry Pi; y el control del sistema, usando una aplicación Android de desarrollo propio en Java.</subfield>
   </datafield>
   <datafield ind1="8" ind2=" " tag="024">
      <subfield code="a">https://hdl.handle.net/10630/35285</subfield>
   </datafield>
   <datafield tag="653" ind2=" " ind1=" ">
      <subfield code="a">Robótica - Diseño y construcción - Trabajos fin de grado</subfield>
   </datafield>
   <datafield ind2="0" ind1="0" tag="245">
      <subfield code="a">Diseño y construcción de un robot explorador de entornos y generador de mapas</subfield>
   </datafield>
</record>
</metadata></record></GetRecord></OAI-PMH>